Normal view MARC view
  • DESAI, DR. CHIRAG K. PATEL, NISHITH , MANSURI, MS JITAL DESAI

Entry Personal Name

Number of records used in: 1

001 - CONTROL NUMBER

  • control field: 8731

003 - CONTROL NUMBER IDENTIFIER

  • control field: JRU

005 - DATE AND TIME OF LATEST TRANSACTION

  • control field: 20251117173356.0

008 - FIXED-LENGTH DATA ELEMENTS

  • fixed length control field: 251117|| aca||aabn | a|a d

040 ## - CATALOGING SOURCE

  • Original cataloging agency: JRU
  • Transcribing agency: JRU

100 ## - HEADING--PERSONAL NAME

  • Personal name: DESAI, DR. CHIRAG K. PATEL, NISHITH , MANSURI, MS JITAL DESAI

670 ## - SOURCE DATA FOUND

  • Source citation: Work cat.: (JRU)8903: DESAI, DR. CHIRAG K. PATEL, NISHITH , MANSURI, MS JITAL DESAI, A COMPITITIVE TEXTBOOK OF PHARMACOLOGY AT GLANCE, 2023